[Event "Oberliga Ost A 2018 2019"]
[Site "?"]
[Date "2018.12.15"]
[Round "4.2"]
[White "Roseneck, Jonas"]
[Black "Stein, Robert"]
[Result "0-1"]
[WhiteElo "2246"]
[BlackElo "2306"]
[PlyCount "102"]
[EventDate "2018.10.21"]
[EventType "team-tourn"]
[EventCountry "GER"]
[WhiteTeam "Magdeburg SG Aufbau Elbe"]
[BlackTeam "Loeberitz SG"]
[WhiteTeamCountry "GER"]
[BlackTeamCountry "GER"]

1. e4 e5 2. Nf3 Nc6 3. Bb5 a6 4. Ba4 Nf6 5. O-O Be7 6. Re1 b5 7. Bb3 O-O 8. a4
b4 9. a5 d6 10. h3 Be6 11. Bxe6 fxe6 12. d3 Qe8 13. Nbd2 Qg6 14. Nf1 Nh5 15.
Be3 Nf4 16. Ng3 Rf7 17. Bxf4 Rxf4 18. c3 bxc3 19. bxc3 Raf8 20. Qa4 Na7 21. Qd7
Bd8 22. c4 h5 23. Kh2 h4 24. Ne2 R4f7 25. Qa4 Qh5 26. Neg1 g5 27. Re3 Rg7 28.
Ra2 Kh8 29. Ne1 g4 30. hxg4 Rxg4 31. Rh3 Rfg8 32. Kh1 Qg6 33. f3 Rg3 34. Rh2
Qh6 35. Rc2 R3g7 36. Re2 Bg5 37. Nh3 Be3 38. Qd1 Nc6 39. Nc2 Bc5 40. Qe1 Rg3
41. Nf2 Kg7 42. Ng4 Qg5 43. Nce3 Bxe3 44. Nxe3 Nd4 45. Rb2 h3 46. Ng4 Rh8 47.
Qf1 Qf4 48. Rf2 hxg2+ 49. Rfxg2 Nxf3 50. Rxh8 Rxg2 51. Rh3 Rg1+ 0-1

[Event "Oberliga Ost A 2018 2019"]
[Site "?"]
[Date "2018.12.15"]
[Round "4.4"]
[White "Andre, Gordon"]
[Black "Proehl, Holger"]
[Result "1-0"]
[WhiteElo "2319"]
[BlackElo "2348"]
[PlyCount "273"]
[EventDate "2018.10.21"]
[EventType "team-tourn"]
[EventCountry "GER"]
[WhiteTeam "Magdeburg SG Aufbau Elbe"]
[BlackTeam "Loeberitz SG"]
[WhiteTeamCountry "GER"]
[BlackTeamCountry "GER"]

1. d4 Nf6 2. c4 d6 3. Nf3 Nbd7 4. Nc3 e5 5. e3 Be7 6. Be2 O-O 7. O-O c6 8. b3
Re8 9. Qc2 Qc7 10. Bb2 Nf8 11. Rad1 Ng6 12. h3 Bf8 13. Bd3 b6 14. Ne4 Be7 15.
dxe5 dxe5 16. Ng3 Nd7 17. Qc3 f6 18. Nf5 Bf8 19. Bc2 a5 20. Bb1 Nc5 21. Ng3 e4
22. Nd4 Bd6 23. Qd2 Bxg3 24. fxg3 Qxg3 25. Nxc6 Bxh3 26. Qf2 Qxf2+ 27. Rxf2 Bd7
28. Nd4 Ne5 29. Rfd2 Ncd3 30. Bc3 Rec8 31. a4 Rc7 32. Ne2 Bg4 33. Rf1 Rd8 34.
Nf4 Rdd7 35. Bxe5 Nxe5 36. Nd5 f5 37. Rdf2 Rxd5 38. cxd5 h5 39. Rd2 Rc3 40. d6
Nd7 41. Rc2 Rc5 42. Rfc1 Rxc2 43. Rxc2 Kf7 44. b4 Ke6 45. bxa5 bxa5 46. Rc6 Bd1
47. Ba2+ Kf6 48. Ra6 Bxa4 49. Rxa5 Bc6 50. Ra6 Bb5 51. Ra5 Bc6 52. Ra6 Bb5 53.
Ra7 h4 54. Bc4 Bc6 55. Bd5 Ne5 56. Bxc6 Nxc6 57. Ra6 Nb4 58. d7+ Ke7 59. Rg6
Kxd7 60. Rxg7+ Ke6 61. Rh7 Nd5 62. Kf2 Nf6 63. Rxh4 Ke5 64. Ke2 Kd5 65. Rh8 Ke5
66. Kd2 Nd5 67. Re8+ Kd6 68. Ke2 Nf6 69. Ra8 Ke5 70. Ra7 Ke6 71. Ra6+ Ke5 72.
Ra5+ Ke6 73. Ra3 Ng4 74. Kd2 Ke5 75. Ra5+ Ke6 76. Ra6+ Ke5 77. Rg6 Nf6 78. Rg7
Ke6 79. Kc3 Ke5 80. Kc4 Nd5 81. Rg3 Nb6+ 82. Kb5 Nd5 83. Kc5 Nf6 84. Rg5 Nd7+
85. Kc6 Nf6 86. Rg6 Nd5 87. Rg3 Nf6 88. Kc7 Ke6 89. Kc6 Ke5 90. Kc7 Ke6 91. Kd8
Kf7 92. Rh3 Ke6 93. Rh6 Kf7 94. Rh3 Ke6 95. Rh6 Kf7 96. Rh1 Ng4 97. Re1 Ke6 98.
Ke8 Ke5 99. g3 Ke6 100. Re2 Kf6 101. Kd7 Ke5 102. Kc6 Nf6 103. Kc5 Nd5 104. Re1
Nf6 105. Ra1 Nh5 106. Rg1 Nf6 107. Kc4 Nd5 108. Re1 Nb6+ 109. Kb5 Nd5 110. Kc5
Nf6 111. Ra1 Nh5 112. Rg1 Nf6 113. Rd1 Ng4 114. Re1 Nf6 115. Kb4 Nd5+ 116. Kb3
Ke6 117. Kc2 Ke5 118. Kd2 Ke6 119. Ra1 Ke5 120. Ra5 Ke6 121. Ra6+ Ke5 122. Rg6
Nf6 123. Rg5 Ke6 124. Kc3 Ke5 125. Kc4 Nh7 126. Rh5 Nf6 127. Rg5 Nh7 128. Rg7
Nf6 129. Re7+ Kd6 130. Ra7 Ng4 131. Kd4 Ke6 132. Rg7 Nh2 133. Rg6+ Kf7 134. Rh6
Ng4 135. Rh4 Nf6 136. Ke5 Kg6 137. Rh6+ 1-0

[Event "Oberliga Ost A 2018 2019"]
[Site "?"]
[Date "2018.12.15"]
[Round "4.5"]
[White "Schuetze, Norman"]
[Black "Biastoch, Bennet"]
[Result "1/2-1/2"]
[WhiteElo "2283"]
[BlackElo "2194"]
[PlyCount "122"]
[EventDate "2018.10.21"]
[EventType "team-tourn"]
[EventCountry "GER"]
[WhiteTeam "Loeberitz SG"]
[BlackTeam "Magdeburg SG Aufbau Elbe"]
[WhiteTeamCountry "GER"]
[BlackTeamCountry "GER"]

1. e4 c5 2. Nf3 d6 3. Bb5+ Nc6 4. O-O Bd7 5. Re1 a6 6. Bf1 Bg4 7. h3 Bxf3 8.
Qxf3 g6 9. d3 Bg7 10. c3 Nf6 11. Nd2 O-O 12. Nc4 Nd7 13. Bg5 b5 14. Ne3 h6 15.
Bf4 b4 16. Rec1 a5 17. a4 Rb8 18. Nd5 Nb6 19. Qe2 e6 20. Nxb6 Rxb6 21. Be3 bxc3
22. bxc3 Rb3 23. Qd2 Qf6 24. d4 cxd4 25. cxd4 Nxd4 26. Ra2 Rb4 27. Rc4 Rxc4 28.
Bxc4 Qe5 29. Qd3 d5 30. exd5 exd5 31. Qxd4 Qxd4 32. Bxd4 dxc4 33. Bb6 Ra8 34.
Rc2 c3 35. Kf1 Ra6 36. Bc7 Kf8 37. Ke2 Ke7 38. Kd3 Kd7 39. Bf4 Rb6 40. Re2 g5
41. Be5 Bxe5 42. Rxe5 Rb2 43. Rf5 Ke6 44. g4 Ra2 45. Rxa5 Rxf2 46. Kxc3 Rf3+
47. Kd4 Rxh3 48. Ra6+ Ke7 49. Ke4 Rg3 50. Rxh6 Rxg4+ 51. Kf5 Rxa4 52. Kxg5 Ra2
53. Rb6 f6+ 54. Kf5 Rf2+ 55. Kg4 Kf7 56. Ra6 Kg6 57. Rb6 Ra2 58. Rb5 Ra4+ 59.
Kf3 f5 60. Rb8 Ra3+ 61. Kf4 Ra4+ 1/2-1/2

[Event "Oberliga Ost A 2018 2019"]
[Site "?"]
[Date "2018.12.15"]
[Round "4.6"]
[White "Woellermann, Jan"]
[Black "Schindler, Christian"]
[Result "1-0"]
[WhiteElo "2352"]
[BlackElo "2193"]
[PlyCount "89"]
[EventDate "2018.10.21"]
[EventType "team-tourn"]
[EventCountry "GER"]
[WhiteTeam "Magdeburg SG Aufbau Elbe"]
[BlackTeam "Loeberitz SG"]
[WhiteTeamCountry "GER"]
[BlackTeamCountry "GER"]

1. d4 c5 2. d5 Nf6 3. Nc3 d6 4. e4 g6 5. Bb5+ Bd7 6. a4 Bxb5 7. axb5 Bg7 8. Nf3
Nbd7 9. O-O O-O 10. h3 Qb6 11. Qd3 a6 12. bxa6 Rxa6 13. Rxa6 bxa6 14. Nd2 a5
15. Nc4 Qb4 16. Bd2 Nb6 17. Nxb6 Qxb6 18. Na4 Qc7 19. Bc3 Nd7 20. Bxg7 Kxg7 21.
Ra1 Rb8 22. b3 Rb4 23. Nb2 Ne5 24. Qe3 Qa7 25. f4 Nd7 26. Nc4 a4 27. e5 dxe5
28. fxe5 Qb7 29. e6 fxe6 30. dxe6 Nf6 31. Rxa4 Rxa4 32. bxa4 Qb1+ 33. Kh2 Qb4
34. Qb3 Qe1 35. Qe3 Qb4 36. Nd2 c4 37. Qd4 Qxa4 38. Ne4 Qxc2 39. Nxf6 exf6 40.
Qd7+ Kh6 41. e7 Qc1 42. e8=Q Qf4+ 43. Kg1 Qc1+ 44. Kf2 Qf4+ 45. Ke2 1-0

[Event "Oberliga Ost A 2018 2019"]
[Site "?"]
[Date "2018.12.15"]
[Round "4.7"]
[White "Schuster, Martin"]
[Black "Paul, Johannes"]
[Result "1/2-1/2"]
[WhiteElo "2193"]
[BlackElo "2388"]
[PlyCount "83"]
[EventDate "2018.10.21"]
[EventType "team-tourn"]
[EventCountry "GER"]
[WhiteTeam "Loeberitz SG"]
[BlackTeam "Magdeburg SG Aufbau Elbe"]
[WhiteTeamCountry "GER"]
[BlackTeamCountry "GER"]

1. e4 e6 2. d4 d5 3. Nd2 c5 4. exd5 Qxd5 5. Ngf3 cxd4 6. Bc4 Qd6 7. O-O Nf6 8.
Nb3 Nc6 9. Nbxd4 Nxd4 10. Nxd4 a6 11. Re1 Qc7 12. Bb3 Bd6 13. h3 O-O 14. Bg5
Kh8 15. Qf3 Be5 16. Rad1 h6 17. Bh4 Bd7 18. c3 Rae8 19. Bc2 Nd5 20. Bg3 Bxg3
21. fxg3 Qb6 22. Bb3 Nf6 23. Kh2 Nh7 24. Qe3 Qc7 25. Nf3 Rd8 26. Ne5 Bc8 27.
Rd4 Rxd4 28. Qxd4 Kg8 29. Rd1 Re8 30. Bc2 Nf8 31. Bb3 Qe7 32. a4 Qc7 33. Bc2 f6
34. Ng6 e5 35. Bb3+ Kh7 36. Nxf8+ Rxf8 37. Bc2+ f5 38. Qd6 Qxd6 39. Rxd6 g6 40.
Kg1 Kg7 41. Kf2 Rf6 42. Rd5 1/2-1/2

[Event "Oberliga Ost A 2018 2019"]
[Site "?"]
[Date "2018.12.15"]
[Round "4.8"]
[White "Schoene, Maria"]
[Black "Schaefer, Reyk"]
[Result "1-0"]
[WhiteElo "2162"]
[BlackElo "2118"]
[PlyCount "85"]
[EventDate "2018.10.21"]
[EventType "team-tourn"]
[EventCountry "GER"]
[WhiteTeam "Magdeburg SG Aufbau Elbe"]
[BlackTeam "Loeberitz SG"]
[WhiteTeamCountry "GER"]
[BlackTeamCountry "GER"]

1. e4 c6 2. d4 d5 3. exd5 cxd5 4. c4 Nf6 5. Nc3 g6 6. cxd5 Bg7 7. Bc4 O-O 8.
Nge2 Nbd7 9. Nf4 Nb6 10. Bb3 Bf5 11. O-O Rc8 12. Re1 Ne8 13. Qe2 Bf6 14. g4 Bd7
15. g5 Bxd4 16. Qxe7 Qxe7 17. Rxe7 Nd6 18. Be3 Nf5 19. Bxd4 Nxe7 20. Ne4 Rfd8
21. Nf6+ Kf8 22. Nxh7+ Kg8 23. Nf6+ Kf8 24. d6 Nf5 25. Nxg6+ Kg7 26. Bxb6 axb6
27. Ne5 Be6 28. Bxe6 fxe6 29. d7 Rc5 30. f4 Rc2 31. Ne8+ Kg8 32. b3 Kf8 33. Nf6
Ke7 34. a4 Nd4 35. h4 Ne2+ 36. Kf2 Nxf4+ 37. Kg3 Ne2+ 38. Kg4 Nd4 39. Rf1 Rg2+
40. Kh3 Re2 41. Ng6+ Kd6 42. h5 Rd2 43. Ne4+ 1-0

[Event "Oberliga Ost A 2018 2019"]
[Site "?"]
[Date "2018.12.16"]
[Round "5.1"]
[White "Bures, Jaroslav"]
[Black "Pulpan, Jakub"]
[Result "1/2-1/2"]
[WhiteElo "2388"]
[BlackElo "2418"]
[PlyCount "88"]
[EventDate "2018.10.21"]
[EventType "team-tourn"]
[EventCountry "GER"]
[WhiteTeam "Hoyerswerda FVS ASP"]
[BlackTeam "Aue ESV Nickelhuette II"]
[WhiteTeamCountry "GER"]
[BlackTeamCountry "GER"]

1. d4 Nf6 2. c4 e6 3. Nf3 d5 4. Nc3 c5 5. cxd5 Nxd5 6. e4 Nxc3 7. bxc3 cxd4 8.
cxd4 Bb4+ 9. Bd2 Bxd2+ 10. Qxd2 O-O 11. Bc4 Nd7 12. O-O b6 13. Rad1 Bb7 14.
Rfe1 Rc8 15. Bb3 h6 16. h3 Re8 17. Re3 Qf6 18. e5 Qf4 19. Qe2 Rc7 20. Nd2 Rec8
21. Ne4 Bxe4 22. Rxe4 Qf5 23. Re3 Rc1 24. Red3 Nf8 25. Qf1 Rxd1 26. Rxd1 Qf4
27. g3 Qe4 28. Qg2 Qe2 29. f4 Qh5 30. d5 exd5 31. Rxd5 Qf5 32. Rd2 Ne6 33. Bc2
Qh5 34. Kh2 Nc5 35. Qc6 Qe2+ 36. Rxe2 Rxc6 37. Rd2 Rc8 38. f5 Re8 39. f6 gxf6
40. exf6 Ne4 41. Bxe4 Rxe4 42. h4 Re6 43. Rd8+ Kh7 44. Rd7 Kg6 1/2-1/2

[Event "Oberliga Ost A 2018 2019"]
[Site "?"]
[Date "2018.12.16"]
[Round "5.2"]
[White "Cerveny, Martin"]
[Black "Spivak, Ilya"]
[Result "1-0"]
[WhiteElo "2347"]
[BlackElo "2318"]
[PlyCount "63"]
[EventDate "2018.10.21"]
[EventType "team-tourn"]
[EventCountry "GER"]
[WhiteTeam "Aue ESV Nickelhuette II"]
[BlackTeam "Hoyerswerda FVS ASP"]
[WhiteTeamCountry "GER"]
[BlackTeamCountry "GER"]

1. d4 d5 2. c4 dxc4 3. Nf3 a6 4. a4 Nf6 5. e3 e6 6. Bxc4 b6 7. O-O Bb7 8. Nc3
c5 9. Qe2 Nbd7 10. Rd1 Qc7 11. h3 Be7 12. b3 O-O 13. Bb2 cxd4 14. exd4 Rfe8 15.
Ne5 Nxe5 16. dxe5 Qc6 17. Qf1 Ne4 18. Rac1 Bc5 19. Nxe4 Qxe4 20. Be2 Qf4 21. a5
Bd5 22. Rd3 Red8 23. Bf3 Bxf3 24. Rxf3 Qe4 25. Rc4 Qb7 26. Qc1 Rd7 27. axb6
Bxb6 28. Rg4 Rf8 29. Qh6 g6 30. Ba3 Rd1+ 31. Kh2 f5 32. Qxf8# 1-0

[Event "Oberliga Ost A 2018 2019"]
[Site "?"]
[Date "2018.12.16"]
[Round "5.3"]
[White "Orsag, Milan"]
[Black "Jurasek, Miroslav"]
[Result "1-0"]
[WhiteElo "2289"]
[BlackElo "2256"]
[PlyCount "47"]
[EventDate "2018.10.21"]
[EventType "team-tourn"]
[EventCountry "GER"]
[WhiteTeam "Hoyerswerda FVS ASP"]
[BlackTeam "Aue ESV Nickelhuette II"]
[WhiteTeamCountry "GER"]
[BlackTeamCountry "GER"]

1. d4 Nf6 2. Nf3 e6 3. c4 d5 4. g3 Be7 5. Bg2 O-O 6. O-O dxc4 7. Qc2 a6 8. a4
Nbd7 9. Rd1 c5 10. Nbd2 c3 11. bxc3 cxd4 12. cxd4 Nd5 13. e4 Nb4 14. Qb3 a5 15.
Nc4 b6 16. Be3 Bb7 17. Nfe5 Nf6 18. d5 exd5 19. exd5 Bc5 20. Nc6 Qc7 21. Bxc5
bxc5 22. d6 Qd7 23. Ne7+ Kh8 24. Nb6 1-0

[Event "Oberliga Ost A 2018 2019"]
[Site "?"]
[Date "2018.12.16"]
[Round "5.4"]
[White "Schnabel, Ralf"]
[Black "Hovsepyan, Vardan"]
[Result "1-0"]
[WhiteElo "2185"]
[BlackElo "2264"]
[PlyCount "115"]
[EventDate "2018.10.21"]
[EventType "team-tourn"]
[EventCountry "GER"]
[WhiteTeam "Aue ESV Nickelhuette II"]
[BlackTeam "Hoyerswerda FVS ASP"]
[WhiteTeamCountry "GER"]
[BlackTeamCountry "GER"]

1. e4 e5 2. Nf3 Nf6 3. Nxe5 d6 4. Nf3 Nxe4 5. Nc3 Nxc3 6. dxc3 Nc6 7. Be3 Be7
8. Qd2 Bf5 9. O-O-O Bf6 10. Be2 h6 11. Kb1 Qd7 12. Rhe1 O-O 13. h3 Na5 14. Nd4
Bh7 15. Bg4 Qd8 16. Bf5 c6 17. Bxh7+ Kxh7 18. Nb3 Nxb3 19. axb3 d5 20. c4 dxc4
21. bxc4 Qc7 22. Qd3+ g6 23. Qd6 Qxd6 24. Rxd6 Bd8 25. Rd7 b6 26. Red1 Kg7 27.
c5 Bg5 28. Bd4+ Kg8 29. cxb6 axb6 30. Bxb6 Rfb8 31. Ra7 Rxa7 32. Bxa7 Rb7 33.
Bc5 Bf6 34. Ba3 c5 35. Rd6 Bd4 36. Rd5 Kg7 37. f3 Kf6 38. Ka2 Ke6 39. c4 h5 40.
g4 hxg4 41. hxg4 Rc7 42. Kb3 f5 43. gxf5+ gxf5 44. f4 Rb7+ 45. Kc2 Rd7 46. Rxd7
Kxd7 47. Kd3 Kc6 48. b3 Ba1 49. Bc1 Kb6 50. Bd2 Bf6 51. Bc3 Bxc3 52. Kxc3 Ka5
53. b4+ cxb4+ 54. Kb3 Ka6 55. Kxb4 Kb6 56. c5+ Kc7 57. Kc4 Kc6 58. Kd4 1-0

[Event "Oberliga Ost A 2018 2019"]
[Site "?"]
[Date "2018.12.16"]
[Round "5.5"]
[White "Kesik, Klaus Dieter"]
[Black "Heinz, Thomas"]
[Result "1/2-1/2"]
[WhiteElo "2187"]
[BlackElo "2144"]
[PlyCount "79"]
[EventDate "2018.10.21"]
[EventType "team-tourn"]
[EventCountry "GER"]
[WhiteTeam "Hoyerswerda FVS ASP"]
[BlackTeam "Aue ESV Nickelhuette II"]
[WhiteTeamCountry "GER"]
[BlackTeamCountry "GER"]

1. Nf3 d5 2. g3 g6 3. Bg2 Bg7 4. d4 Nf6 5. c4 c6 6. O-O O-O 7. Qb3 Qb6 8. c5
Qxb3 9. axb3 Bf5 10. Nc3 Nbd7 11. h3 Ne4 12. b4 e5 13. Be3 Nxc3 14. bxc3 Be4
15. Rfd1 a6 16. Bf1 Rad8 17. Ra2 Bxf3 18. exf3 Rfe8 19. Kg2 Nf8 20. dxe5 Bxe5
21. Bd4 Bxd4 22. cxd4 Re7 23. Re2 Rde8 24. Rxe7 Rxe7 25. h4 f5 26. h5 Kf7 27.
Bd3 Kf6 28. hxg6 hxg6 29. f4 Ne6 30. Bc2 Nc7 31. Bd3 Ne6 32. Bc2 g5 33. fxg5+
Kxg5 34. Kf3 Kf6 35. Kg2 Ng5 36. Bd3 Ne6 37. Bc2 Ng5 38. Kf1 Nf3 39. Bb1 Re8
40. Bc2 1/2-1/2

[Event "Oberliga Ost A 2018 2019"]
[Site "?"]
[Date "2018.12.16"]
[Round "5.6"]
[White "Rosko, Lubos"]
[Black "Jahnel, Guenther"]
[Result "1-0"]
[WhiteElo "2264"]
[BlackElo "2213"]
[PlyCount "99"]
[EventDate "2018.10.21"]
[EventType "team-tourn"]
[EventCountry "GER"]
[WhiteTeam "Aue ESV Nickelhuette II"]
[BlackTeam "Hoyerswerda FVS ASP"]
[WhiteTeamCountry "GER"]
[BlackTeamCountry "GER"]

1. e4 d6 2. d4 Nf6 3. Nc3 g6 4. Be3 c6 5. h3 Bg7 6. f4 O-O 7. Nf3 Qa5 8. Bd3
Nbd7 9. e5 Nd5 10. Bd2 Nxc3 11. Bxc3 Qc7 12. Qe2 Nb6 13. Bd2 c5 14. dxc5 Qxc5
15. Be3 Qc7 16. Bd4 Nd5 17. Qd2 Bh6 18. g3 a5 19. a3 Be6 20. h4 Bg4 21. Nh2 Bf5
22. Bxf5 gxf5 23. Nf3 Rfd8 24. e6 fxe6 25. Qe2 Qd7 26. Ng5 Nf6 27. O-O-O Rdc8
28. Bxf6 exf6 29. Qxe6+ Qxe6 30. Nxe6 Ra6 31. Nd4 Rc5 32. Rhe1 Kf7 33. Re3 Kg6
34. Re7 b5 35. h5+ Kxh5 36. Rh1+ Kg6 37. Nf3 Bf8 38. Nh4+ Kh5 39. Rxh7+ Kg4 40.
Ng6 Rac6 41. Nxf8 Rxc2+ 42. Kb1 Rg2 43. Ne6 Rc4 44. Rd1 Kxg3 45. Rd3+ Kf2 46.
Nd4 Rg1+ 47. Ka2 Rg3 48. Rd1 Rg4 49. Rh3 b4 50. axb4 1-0

[Event "Oberliga Ost A 2018 2019"]
[Site "?"]
[Date "2018.12.16"]
[Round "5.7"]
[White "Boehm, Robert"]
[Black "Heinz, Juergen"]
[Result "1-0"]
[WhiteElo "2159"]
[BlackElo "2228"]
[PlyCount "107"]
[EventDate "2018.10.21"]
[EventType "team-tourn"]
[EventCountry "GER"]
[WhiteTeam "Hoyerswerda FVS ASP"]
[BlackTeam "Aue ESV Nickelhuette II"]
[WhiteTeamCountry "GER"]
[BlackTeamCountry "GER"]

1. d4 Nf6 2. Nf3 e6 3. g3 c5 4. Bg2 Nc6 5. O-O cxd4 6. Nxd4 a6 7. c4 Be7 8. Nc3
O-O 9. b3 Qa5 10. Bb2 Nxd4 11. Qxd4 Ne8 12. a3 d6 13. Rac1 Bf6 14. Qd2 Rb8 15.
b4 Qd8 16. Rfd1 Qe7 17. Ne4 Bxb2 18. Qxb2 f5 19. Nd2 Bd7 20. Nb3 Ba4 21. Rd3
Bxb3 22. Qxb3 Kh8 23. Rdc3 f4 24. Qd1 fxg3 25. hxg3 Nf6 26. Qd2 Ng4 27. Rf3
Rfd8 28. Rf4 Ne5 29. Qe3 Ng6 30. Rd4 e5 31. Rd5 Qf6 32. c5 Ne7 33. Rxd6 Rxd6
34. cxd6 Qxd6 35. Qc5 Qe6 36. Qa7 Rf8 37. Qxb7 Qf6 38. Qf3 Nf5 39. Rc6 Qd8 40.
Qd5 Qxd5 41. Bxd5 Ne7 42. Rd6 Rc8 43. e4 h5 44. Rxa6 Kh7 45. Re6 Rc1+ 46. Kg2
Ng6 47. Ra6 h4 48. Bg8+ Kxg8 49. Rxg6 Rc4 50. f3 Rc3 51. a4 Kf7 52. Rb6 h3+ 53.
Kxh3 Rxf3 54. a5 1-0

[Event "Oberliga Ost A 2018 2019"]
[Site "?"]
[Date "2018.12.16"]
[Round "5.8"]
[White "Roskova, Katerina"]
[Black "Grohmann, Alexander"]
[Result "1/2-1/2"]
[WhiteElo "1956"]
[BlackElo "1985"]
[PlyCount "29"]
[EventDate "2018.10.21"]
[EventType "team-tourn"]
[EventCountry "GER"]
[WhiteTeam "Aue ESV Nickelhuette II"]
[BlackTeam "Hoyerswerda FVS ASP"]
[WhiteTeamCountry "GER"]
[BlackTeamCountry "GER"]

1. d4 d5 2. c4 e6 3. Nf3 Nf6 4. g3 Bb4+ 5. Bd2 Bd6 6. Bg2 O-O 7. Qc2 c6 8. O-O
Ne4 9. Nc3 f5 10. Nxe4 dxe4 11. Ne1 c5 12. e3 cxd4 13. exd4 Qe7 14. Rd1 Nd7 15.
c5 1/2-1/2

[Event "Oberliga Ost A 2018 2019"]
[Site "?"]
[Date "2018.12.16"]
[Round "5.1"]
[White "Pietsch, Michael"]
[Black "Mueller, Frank"]
[Result "1/2-1/2"]
[WhiteElo "2191"]
[BlackElo "2261"]
[PlyCount "28"]
[EventDate "2018.10.21"]
[EventType "team-tourn"]
[EventCountry "GER"]
[WhiteTeam "Coswig TuS"]
[BlackTeam "Leipzig VfB Schach"]
[WhiteTeamCountry "GER"]
[BlackTeamCountry "GER"]

1. c4 Nf6 2. g3 e6 3. Bg2 d5 4. d4 Be7 5. Nf3 c5 6. cxd5 exd5 7. O-O O-O 8. Nc3
Nc6 9. dxc5 Bxc5 10. Na4 Be7 11. Be3 Bg4 12. Rc1 Re8 13. h3 Bxf3 14. Bxf3 Qd7
1/2-1/2

[Event "Oberliga Ost A 2018 2019"]
[Site "?"]
[Date "2018.12.16"]
[Round "5.2"]
[White "Heinrich, Thomas"]
[Black "Schweitzer, Andreas"]
[Result "1/2-1/2"]
[WhiteElo "2180"]
[BlackElo "2272"]
[PlyCount "56"]
[EventDate "2018.10.21"]
[EventType "team-tourn"]
[EventCountry "GER"]
[WhiteTeam "Leipzig VfB Schach"]
[BlackTeam "Coswig TuS"]
[WhiteTeamCountry "GER"]
[BlackTeamCountry "GER"]

1. d4 d5 2. c4 c6 3. cxd5 cxd5 4. Nc3 Nf6 5. Bf4 Nc6 6. e3 a6 7. Be2 Bf5 8. Nf3
e6 9. Qb3 Bd6 10. Bxd6 Qxd6 11. Qxb7 O-O 12. Qb3 Rfb8 13. Qa3 Nb4 14. O-O Qc7
15. Ne1 a5 16. Rc1 Ne4 17. Nf3 Rc8 18. Qa4 Qb6 19. Ne5 Nd2 20. Rfd1 Nc4 21.
Nxc4 dxc4 22. e4 Bg6 23. b3 Nd3 24. Bxd3 cxd3 25. Rxd3 Bxe4 26. Rdd1 Bc6 27.
Qa3 Qb4 28. Nb1 Bd5 1/2-1/2

[Event "Oberliga Ost A 2018 2019"]
[Site "?"]
[Date "2018.12.16"]
[Round "5.3"]
[White "Hofmann, Rares"]
[Black "Geiling, Christian"]
[Result "1/2-1/2"]
[WhiteElo "2204"]
[BlackElo "2176"]
[PlyCount "28"]
[EventDate "2018.10.21"]
[EventType "team-tourn"]
[EventCountry "GER"]
[WhiteTeam "Coswig TuS"]
[BlackTeam "Leipzig VfB Schach"]
[WhiteTeamCountry "GER"]
[BlackTeamCountry "GER"]

1. e4 d6 2. d4 Nf6 3. Nc3 g6 4. f4 Bg7 5. Nf3 O-O 6. Bd3 Na6 7. O-O c5 8. Bxa6
cxd4 9. Bd3 dxc3 10. bxc3 Qa5 11. Bd2 b6 12. Qe1 Bb7 13. c4 Qc5+ 14. Be3 Qa3
1/2-1/2

[Event "Oberliga Ost A 2018 2019"]
[Site "?"]
[Date "2018.12.16"]
[Round "5.4"]
[White "Rohne, Lars"]
[Black "Mueller, Richard"]
[Result "1-0"]
[WhiteElo "2151"]
[BlackElo "2177"]
[PlyCount "69"]
[EventDate "2018.10.21"]
[EventType "team-tourn"]
[EventCountry "GER"]
[WhiteTeam "Leipzig VfB Schach"]
[BlackTeam "Coswig TuS"]
[WhiteTeamCountry "GER"]
[BlackTeamCountry "GER"]

1. e4 c5 2. Nc3 a6 3. Nf3 e6 4. d4 cxd4 5. Nxd4 Qc7 6. Be2 Nc6 7. Be3 Nf6 8.
Qd2 Bb4 9. f3 d5 10. Nxc6 Qxc6 11. e5 Nd7 12. Bd4 O-O 13. a3 Ba5 14. b4 Bb6 15.
f4 f6 16. exf6 Nxf6 17. Bf3 Bxd4 18. Qxd4 Bd7 19. Rc1 Rac8 20. Ne2 Qa4 21. Qb2
Rc7 22. O-O Rfc8 23. c3 Bb5 24. Rfe1 Bxe2 25. Rxe2 Qd7 26. Rce1 Rxc3 27. Rxe6
Rc2 28. Qe5 Rc1 29. Rxc1 Rxc1+ 30. Kf2 Rc2+ 31. Kg3 Rc8 32. Re7 Qc6 33. Qg5 g6
34. Qh6 Ne4+ 35. Bxe4 1-0

[Event "Oberliga Ost A 2018 2019"]
[Site "?"]
[Date "2018.12.16"]
[Round "5.5"]
[White "Klawa, Patrick"]
[Black "Collini, Carsten"]
[Result "1/2-1/2"]
[WhiteElo "2168"]
[BlackElo "2131"]
[PlyCount "107"]
[EventDate "2018.10.21"]
[EventType "team-tourn"]
[EventCountry "GER"]
[WhiteTeam "Coswig TuS"]
[BlackTeam "Leipzig VfB Schach"]
[WhiteTeamCountry "GER"]
[BlackTeamCountry "GER"]

1. e4 e5 2. Nf3 Nc6 3. d4 exd4 4. Bc4 Nf6 5. e5 d5 6. Bb5 Ne4 7. Nxd4 Bd7 8.
Bxc6 bxc6 9. O-O Bc5 10. f3 Ng5 11. Be3 O-O 12. f4 Ne4 13. Qe1 Qe7 14. Nb3
Bxe3+ 15. Qxe3 f6 16. exf6 Qxf6 17. c3 Qd6 18. N1d2 Nxd2 19. Qxd2 Rae8 20. Qd4
Re2 21. Rf2 Rxf2 22. Qxf2 Rxf4 23. Qxa7 h6 24. Qe3 Re4 25. Qg3 Qe7 26. h3 Re2
27. Nd4 Rxb2 28. Re1 Qg5 29. Qxg5 hxg5 30. Re7 c5 31. Nf3 g4 32. hxg4 Bxg4 33.
Ng5 Kf8 34. Rxc7 d4 35. cxd4 cxd4 36. Rc4 d3 37. Ne4 Be2 38. Kf2 Rxa2 39. Ke3
Bf1 40. g3 Re2+ 41. Kf4 Bg2 42. Nc5 d2 43. Rd4 Bc6 44. Kf5 Rf2+ 45. Ke6 Kg8 46.
Nb3 Rf3 47. Nxd2 Rxg3 48. Nc4 Rg6+ 49. Kf5 Rf6+ 50. Kg5 Kf8 51. Rd6 Ke7 52.
Rxf6 gxf6+ 53. Kf4 Ke6 54. Ne3 1/2-1/2

[Event "Oberliga Ost A 2018 2019"]
[Site "?"]
[Date "2018.12.16"]
[Round "5.6"]
[White "Just, Wolfgang"]
[Black "Escher, Thomas"]
[Result "1/2-1/2"]
[WhiteElo "2099"]
[BlackElo "2169"]
[PlyCount "63"]
[EventDate "2018.10.21"]
[EventType "team-tourn"]
[EventCountry "GER"]
[WhiteTeam "Leipzig VfB Schach"]
[BlackTeam "Coswig TuS"]
[WhiteTeamCountry "GER"]
[BlackTeamCountry "GER"]

1. e4 c5 2. b3 Nc6 3. Bb2 d6 4. Bb5 Bd7 5. Nf3 Nf6 6. Qe2 e5 7. Nc3 a6 8. Bxc6
Bxc6 9. a4 g6 10. O-O Bg7 11. d3 O-O 12. Nd2 b5 13. f4 exf4 14. Rxf4 Nh5 15.
Rf3 Bd4+ 16. Kh1 Bd7 17. Rff1 Qg5 18. Nf3 Qh6 19. Qe1 Bf6 20. Nd1 Bxb2 21. Nxb2
Qg7 22. Qc1 f5 23. exf5 Bxf5 24. axb5 axb5 25. Rxa8 Rxa8 26. Nd1 Ra1 27. Qg5
Qf6 28. Qe3 Qe6 29. Qf2 Bg4 30. Ne5 Bf5 31. Nf3 Bg4 32. Ne5 1/2-1/2

[Event "Oberliga Ost A 2018 2019"]
[Site "?"]
[Date "2018.12.16"]
[Round "5.7"]
[White "Piotraschke, Jens"]
[Black "Mader, Joerg"]
[Result "0-1"]
[WhiteElo "2152"]
[BlackElo "2081"]
[PlyCount "66"]
[EventDate "2018.10.21"]
[EventType "team-tourn"]
[EventCountry "GER"]
[WhiteTeam "Coswig TuS"]
[BlackTeam "Leipzig VfB Schach"]
[WhiteTeamCountry "GER"]
[BlackTeamCountry "GER"]

1. d4 d5 2. Nf3 Nf6 3. c4 e6 4. g3 b6 5. Bg2 Bb7 6. cxd5 exd5 7. Nc3 Be7 8. O-O
O-O 9. Bg5 h6 10. Bf4 g5 11. Bc1 Ne4 12. Ne5 Nd7 13. Nxd7 Qxd7 14. Qb3 Bf6 15.
Rd1 Qe6 16. Be3 Rad8 17. Nxe4 dxe4 18. Qa4 Qd5 19. Rac1 Rd7 20. Bh3 Re7 21. Qc4
Bg7 22. Qxd5 Bxd5 23. Bf5 Bxa2 24. b4 Bd5 25. b5 Ra8 26. Rd2 a6 27. Ra1 axb5
28. Rxa8+ Bxa8 29. d5 Re5 30. d6 cxd6 31. Rxd6 Rxf5 32. Rd8+ Kh7 33. Rxa8 b4
0-1